000 01000nam a2200253 i 4500
001 182517
003 ES-MaACL
005 20250907063134.0
008 130910s2011 sp a | |||||||| | spa d
020 _a978-84-95874-74-0
_z978-84-95874-75-7
080 _a616.398(460.182)"18/19"
100 1 _aLópez Gómez, José Manuel,
_d1957-
_9151534
245 1 3 _aLa pelagra en Burgos (1859-1917) :
_buna análisis histórico /
_cJosé Manuel López Gómez.
260 _aBurgos :
_bAcademia Burgense de Historia y Bellas Artes, Institución Fernán González,
_c2011.
300 _a224 p. :
_bil. ;
_c24 cm.
490 1 _aColección Academos ;
_v20
504 _aBibliografía: p. 211-224.
650 4 _aPelagra.
_9136674
830 0 _aColección Academos ;
_v20
_9224843
852 _aES-MaACL
_jA-12903
_9189430
_bR.149790
_cDEPO1
_dOlim: N-5903
_xDonación: Real Academia Española
914 _96336
_aReal Academia Española
_ednr
942 _2udc
_cMONOGRAFIA
999 _c182517
_d182517